000 01448naa a22003377a 4500
001 BR7604185
003 BR-BrBNA
005 20240918173924.0
007 ta
008 230509b bl.||||| |||| 00| 0 por d
040 _aBR-BrBNA
_bpor
_cBiblioteca Nacional de Agricultura
041 _a(Pt)
072 _aM00; T00
_b8100
_bGZ65
_bG514
090 _aM00 BR7604185
100 1 _aRocha, A.A.
100 1 _aBranco M.,S.
111 1 _a1. Encontro Nacional sobre Limnologia, Piscicultura e Pesca Continental
_cBelo Horizonte, MG (Brazil)
_d15-19 Sep 1975
245 1 _aPesca e poluicao no estado de Sao Paulo [Brasil]
260 3 _aBelo Horizonte, MG (Brasil):
_c1976.
500 _aVargas, J.I.; Loureiro, C.G.C.; Milward-de-Andrade, R. (eds.) Anais do 1. Encontro Nacional sobre Limnologia, Piscicultura e Pesca Continental Belo Horizonte, MG (Brasil): 1976. p. 247-258 (BR7604185-AM)M00
650 _aPESCA
650 _aPOLUICAO
650 _aPEIXE
650 _aBIOLOGIA AQUATICA
650 _aCONTROLE QUIMICO
650 _aECOLOGIA
650 _aSAO PAULO
773 0 _tAnais do 1. Encontro Nacional sobre Limnologia, Piscicultura e Pesca Continental
_aVargas, J.I.; Loureiro, C.G.C.; Milward-de-Andrade, R. (eds.). Fundacao Joao Pinheiro, Belo Horizonte, MG (Brasil). Centro de Recursos Naturais
_wM00 BR7604185
_gBelo Horizonte, MG (Brasil), 1976. p. 247-258
909 _a202404
_bLucia
_c55
_dLucia Elande
942 _cAM
_2AGRIS
999 _c307705
_d307705